Trivia Question #8 - Statistics

General Stats
  • This quiz has been taken 44 times
  • The average score is 7 of 10
Answer Stats
Trivia Question Answer % Correct
What is the name of molten rock after a volcanic eruption? Lava
83%
Can you name the closest star to Earth? The Sun
83%
In what country were the Olympic Games invented? Greece
81%
What kind of tree do acorns come from? Oak
79%
What is the part of the human eye that controls the amount of light that passes through the pupil? The iris
79%
Two of the planets in our solar system begin with the letter M, can you name them?(No and) Mars Mercury
76%
What was the last name of the flying pioneers Orville and Wilbur? Wright
74%
How many bones do sharks have?(word form) Zero
62%
Who was the 16th president of the United States? Abraham Lincoln
50%
Can you name the seven dwarves in Snow White? Sleepy Sneezy Happy Grumpy Dopey Doc Bashful
0%
No matching quizzes found
Score Distribution
Percent of People with Each Score
Percentile by Number Answered
Your Score History
You have not taken this quiz